Biomedicine in the twentieth century (Record no. 128549)
[ view plain ]
| 000 -LEADER | |
|---|---|
| fixed length control field | 01819nam a2200373Ia 4500 |
| 082 04 - DEWEY DECIMAL CLASSIFICATION NUMBER | |
| Classification number | 610.72073 |
| 245 00 - TITLE STATEMENT | |
| Title | Biomedicine in the twentieth century |
| 260 ## - PUBLICATION, DISTRIBUTION, ETC. (IMPRINT) | |
| Place of publication | Amsterdam ; |
| -- | Washington, DC : |
| Name of publisher | IOS Press, |
| Year of publication | c2008. |
| 300 ## - PHYSICAL DESCRIPTION | |
| Number of Pages | x, 377 p. : |
| Other physical details | ill. |
| 490 1# - SERIES STATEMENT | |
| Series statement | Biomedical and health research ; |
| 500 ## - GENERAL NOTE | |
| General note | ". . . based on a conference that was held at the National Institutes of Health in December 2005 to promote historical research on biomedical science in the twentieth century"--p. ix. |
| 650 #0 - SUBJECT ADDED ENTRY--TOPICAL TERM | |
| Topical Term | Medicine |
| 700 1# - ADDED ENTRY--PERSONAL NAME | |
| Personal name | Hannaway, Caroline, |
| 856 40 - ELECTRONIC LOCATION AND ACCESS | |
| Uniform Resource Identifier | http://site.ebrary.com/lib/rucke/Doc?id=10216834 |
No items available.
